| Tag |
First Indicator |
Second Indicator |
Subfields |
| LEADER |
00000cam a2200000 a 4500 |
| 001 |
in00001817469 |
| 005 |
20151026052315.0 |
| 008 |
870424s1988 ru abe b 000 0 ruso |
| 010 |
|
|
|a 87135222
|
| 020 |
|
|
|a 5274001866 :
|c 2.50rub
|
| 035 |
|
|
|a (OCoLC)ocm19251691
|
| 040 |
|
|
|a DLC
|c DLC
|d NDD
|d OCLCQ
|d TXA
|d UtOrBLW
|
| 043 |
|
|
|a e-ru---
|
| 049 |
|
|
|a TXAM
|
| 050 |
0 |
0 |
|a NA1197.C517
|b K6 1988
|
| 092 |
|
|
|a 720.9487
|b K86, C521, 1988
|
| 100 |
1 |
|
|a Kostochkin, V. V.
|q (Vladimir Vladimirovich)
|
| 245 |
1 |
0 |
|a Cherdynʹ, Solikamsk, Usolʹe /
|c V.V. Kostochkin.
|
| 250 |
|
|
|a Nauch. izd.
|
| 264 |
|
1 |
|a Moskva :
|b Stroĭizdat,
|c 1988.
|
| 300 |
|
|
|a 178 pages, 4 unnumbered pages :
|b illustrations, map, plans ;
|c 23 cm.
|
| 336 |
|
|
|a text
|b txt
|2 rdacontent
|
| 337 |
|
|
|a unmediated
|b n
|2 rdamedia
|
| 338 |
|
|
|a volume
|b nc
|2 rdacarrier
|
| 500 |
|
|
|a Errata slip inserted.
|
| 504 |
|
|
|a Includes bibliographical references (pages 176-[179]).
|
| 650 |
|
0 |
|a Architecture
|z Russia (Federation)
|z Cherdynʹ.
|
| 651 |
|
0 |
|a Cherdynʹ (Russia)
|x Buildings, structures, etc.
|
| 650 |
|
0 |
|a Architecture
|z Russia (Federation)
|z Solikamsk.
|
| 651 |
|
0 |
|a Solikamsk (Russia)
|x Buildings, structures, etc.
|
| 650 |
|
0 |
|a Architecture
|z Russia (Federation)
|z Usolʹe (Permskai︠a︡ oblastʹ)
|
| 651 |
|
0 |
|a Usolʹe (Permskiĭ kraĭ, Russia)
|x Buildings, structures, etc.
|
| 948 |
|
|
|a cataloged
|b h
|c 2004/3/17
|d c
|e tchubaryan
|f 10:40:41 am
|
| 994 |
|
|
|a E0
|b TXA
|
| 999 |
|
|
|a MARS
|
| 999 |
f |
f |
|s d3d77e88-b18e-3704-9a4c-86c05a15cfd4
|i bc3bdda2-17e1-3d98-aae0-908279f5331a
|t 0
|
| 952 |
f |
f |
|p ric
|a Texas A&M University
|b Rellis Campus
|c Joint Library Facility
|d Remote Storage
|t 0
|e NA1197.C517 K6 1988
|h Library of Congress classification
|i unmediated -- volume
|m A14831079495
|
| 998 |
f |
f |
|a NA1197.C517 K6 1988
|t 0
|l Remote Storage
|